000 00343nam a2200145Ia 4500
005 20250508043935.0
008 240331s9999 xx 000 0 und d
082 _bCHA
_a891
100 _aChandra Bose,
245 0 _aEthirkala ilakkiyamum kalviyum
260 _aThanjavur
_bAkaram
_c2003
300 _a128 p .,
650 _aEssays
942 _cL
999 _c4382
_d4382